00644nam a2200145Ia 4500008004100000082001700041100002600058245004200084260004400126300001000170500015400180650004400334952010300378999001700481120622s9999 xx 000 0 und d a864.72 M938t aMoya Sarmiento, Angel aTeatro escolar / Angel Moya Sarmiento aMéxico : Escuela Nacional de Maestros a50 p. aConferencia sustentada por el prof. Angel Moya Sarmiento, en el auditorio del Instituto Nacional de Protección a la Infancia el 7 de agosto de 1963 aTEATRO - ENSAYOS, CONFERENCIAS, ETC.Ì 00104070a01b01d2007-01-25l1o864.72 M938Tp01 003948r2016-01-25s2016-01-25w2012-06-24yLB c57368d57368